An introduction to switching theory and digital electronics / (Record no. 166735)

MARC details
000 -LEADER
fixed length control field 00666nam a2200229 a 4500
008 - FIXED-LENGTH DATA ELEMENTS--GENERAL INFORMATION
fixed length control field
049 ## - LOCAL HOLDINGS (OCLC)
Holding library MAIN
090 ## - LOCALLY ASSIGNED LC-TYPE CALL NUMBER (OCLC); LOCAL CALL NUMBER (RLIN)
Classification number (OCLC) (R) ; Classification number, CALL (RLIN) (NR) TK7868.D5 JAI
003 - CONTROL NUMBER IDENTIFIER
control field
005 - DATE AND TIME OF LATEST TRANSACTION
control field 20230123134501.0
040 ## - CATALOGING SOURCE
Transcribing agency NUST
100 1# - MAIN ENTRY--PERSONAL NAME
Personal name Jain,V.K.
245 #3 - TITLE STATEMENT
Title An introduction to switching theory and digital electronics /
Statement of responsibility, etc. V.K. Jain.
250 ## - EDITION STATEMENT
Edition statement 3rd ed.
260 ## - PUBLICATION, DISTRIBUTION, ETC.
Place of publication, distribution, etc. Delhi :
Name of publisher, distributor, etc. Khanna publishers,
Date of publication, distribution, etc. 1987
300 ## - PHYSICAL DESCRIPTION
Extent [x], 428 p. :
Other physical details ill. ;
Dimensions 20 cm.
500 ## - GENERAL NOTE
General note Includes bibliographical references.
650 #1 - SUBJECT ADDED ENTRY--TOPICAL TERM
Topical term or geographic name entry element Electronics.
650 ## - SUBJECT ADDED ENTRY--TOPICAL TERM
Topical term or geographic name entry element Digital electronics.
907 ## - LOCAL DATA ELEMENT G, LDG (RLIN)
a .b10249114
b 28-09-07
c 15-08-07
942 ## - ADDED ENTRY ELEMENTS (KOHA)
Koha item type Ordinary Loan Books
Call number prefix TK7868.D5 JAI
Holdings
Date last seen Total Checkouts Full call number Barcode Cost, replacement price Price effective from Koha item type Lost status Source of classification or shelving scheme Damaged status Not for loan Collection Withdrawn status Home library Current library Shelving location Date acquired Cost, normal purchase price
01/23/2023 4 TK7868.D5 JAI 92004002611 80.00 01/23/2023 BOOKS   LCC     NFIC   MAIN MAIN GEN 01/23/2023 80.00